Statistics for Countries with Slovenian embassies

Click here to take the quiz!

General Stats

  • This quiz has been taken 37 times
  • The average score is 38 of 39

Answer Stats

Continent Country % Correct
EuropeAlbania
100%
AfricaEgypt
100%
EuropePoland
100%
EuropeSlovakia
100%
EuropeMacedonia
100%
AsiaJapan
100%
EuropeItaly
100%
EuropeUnited Kingdom
100%
EuropeGreece
100%
Asia/ EuropeRussia
100%
North AmericaUnited States of America
100%
EuropeGermany
100%
EuropeDenmark
100%
EuropeBelgium
100%
OceaniaAustralia
100%
EuropeAustria
100%
South AmericaBrazil
100%
EuropeCroatia
100%
AsiaChina
100%
North AmericaCanada
97%
Asia/ EuropeTurkey
97%
South AmericaArgentina
97%
EuropeCzech Republic
97%
EuropeBosnia and Herzegovina
97%
EuropeSwitzerland
97%
EuropeHungary
97%
EuropeSpain
97%
Europethe Netherlands
97%
EuropeSerbia
97%
AsiaIsrael
94%
EuropeRomania
94%
EuropeKosovo
94%
AsiaIndia
94%
EuropeFrance
94%
EuropeMontenegro
92%
AsiaIran
92%
EuropeUkraine
92%
EuropeVatican City
92%
AsiaPalestine
42%

Score Distribution

Percentile by Number Answered

Percent of People with Each Score

Your Score History

You have not taken this quiz